| 000 | 00553nam a22002057a 4500 | ||
|---|---|---|---|
| 999 |
_c30818 _d30817 |
||
| 003 | OSt | ||
| 005 | 20180820034350.0 | ||
| 008 | 180820b ||||| |||| 00| 0 eng d | ||
| 020 | _a9780176105334 | ||
| 040 |
_ammu _beng _cmmu _dmmu |
||
| 050 | _aHF5679 .F746 2007 | ||
| 100 | _aFreedman, Harvey C. | ||
| 245 |
_aSimply Accounting by Sage/ _cHarvey C. Freedman, |
||
| 260 |
_aCanada: _bNelson Education, _c2007. |
||
| 300 | _axvii, 619p.; | ||
| 500 | _aincludes indexes, | ||
| 650 | _aAccounting | ||
| 700 | _aSmith, Carol. | ||
| 942 |
_2lcc _cLOAN LOAN |
||